000 01054nam a2200265 a 4500
008
020 _a0750702893 (pbk.)
049 _aMAIN
090 _aLB2361
_bOUT
245 0 0 _aOutcomes, learning, and the curriculum :
_bimplications for NVQs, GNVQs, and other qualifications /
_ceditor, John Burke.
260 _aLondon :
_bFalmer Press,
_c1995.
300 _axviii, 335 p. :
_bill. ;
_c25 cm.
500 _aIncludes papers presented at a conference sponsored by the National Council for Vocational Qualifications, held in Croydon in March 1993.
504 _aIncludes bibliographical references.
500 _aIncludes index.
650 0 _aCompetency-based education
_zGreat Britain
_vCongresses.
650 0 _aSchool-to-work transition
_zGreat Britain
_vCongresses.
650 0 _aVocational qualifications
_zGreat Britain
_vCongresses.
700 1 _aBurke, John W.
907 _a.b10024888
_b17-03-09
_c17-04-03
003
005 20230123133612.0
040 _cNUST
942 _cBOOKS
_kLB2361
_mOUT
999 _c151441
_d151441